[Event "British Rapidplay"]
[Site "Peterborough"]
[Date "2025.03.02"]
[Round "9"]
[White "Strugar, Ioan Euzeb"]
[Black "Basher, Ekramul"]
[Result "1/2-1/2"]
[WhiteElo "1659"]
[BlackElo "1726"]
[PlyCount "134"]
[EventDate "2025.03.01"]
[EventType "swiss (rapid)"]
[EventRounds "11"]
[EventCountry "ENG"]
[SourceTitle "CB10_2025"]
[SourceDate "2025.03.05"]
[SourceVersion "1"]
[SourceVersionDate "2025.03.05"]
[SourceQuality "1"]

1. e4 e6 2. Nf3 Nc6 3. d4 d5 4. e5 h6 5. a3 Bd7 6. Bd3 a6 7. c3 f6 8. Bg6+ Ke7 9. 0-0 Be8 10. Qd3 Kd7 11. Bf4 Nge7 12. Bxe8+ Qxe8 13. Nbd2 f5 14. Nb3 Ng6 15. Bd2 h5 16. Rac1 h4 17. h3 Be7 18. c4 Qf8 19. cxd5 exd5 20. Rfe1 Rd8 21. Ng5 Bxg5 22. Bxg5 Re8 23. e6+ Kc8 24. Nc5 Nge7 25. Nd7 Qg8 26. Rxc6 Nxc6 27. b4 Rxe6 28. Rxe6 Qxe6 29. Nc5 Qe1+ 30. Kh2 Qxf2 31. b5 Re8 32. Bxh4 Qxd4 33. Qxf5+ Kb8 34. Nd7+ Ka7 35. Bf2 Re3 36. Bxe3 Qxe3 37. bxc6 bxc6 38. Qe5 Qxe5+ 39. Nxe5 Kb6 40. Kg3 d4 41. Kf3 c5 42. Ke4 Kb5 43. Kd3 a5 44. Nc4 a4 45. g4 Kc6 46. h4 Kd5 47. g5 Ke6 48. h5 Kf5 49. h6 gxh6 50. gxh6 Kg6 51. h7 Kxh7 52. Nb2 Kg6 53. Nxa4 Kf5 54. Nxc5 Ke5 55. Kc4 c6 56. a4 Kd6 57. a5 Kc7 58. a6 d3 59. Kxd3 Kb6 60. Kc4 Ka7 61. Kd4 Kb6 62. Ke5 Ka7 63. Kd6 Kb6 64. Kd7 Ka7 65. Kxc6 Ka8 66. Kb6 Kb8 67. a7+ Ka8 1/2-1/2

[Event "BCF-ch Seniors 50"]
[Site "Hull"]
[Date "2024.07.30"]
[Round "2"]
[White "Strugar, Ioan Euzeb"]
[Black "Regan, Natasha"]
[Result "0-1"]
[WhiteElo "1664"]
[BlackElo "2015"]
[PlyCount "70"]
[EventDate "2024.07.29"]
[EventType "swiss"]
[EventRounds "7"]
[EventCountry "ENG"]
[SourceTitle "CBM 221 Extra"]
[Source "ChessBase"]
[SourceDate "2024.09.30"]
[SourceVersion "1"]
[SourceVersionDate "2024.09.30"]
[SourceQuality "1"]

1. e4 e5 2. d4 exd4 3. Bc4 Nf6 4. Nf3 Nxe4 5. Qxd4 Nd6 6. Bb3 Nc6 7. Qf4 Be7 8. 0-0 0-0 9. Re1 Na5 10. Nc3 Nxb3 11. axb3 Re8 12. Be3 b6 13. Rad1 Bb7 14. Ne5 f6 15. Nc4 Bf8 16. Nd5 Re6 17. Qg3 Rc8 18. Nf4 Re4 19. Bd2 Nxc4 20. bxc4 Bd6 21. c5 Bxc5 22. Nh5 Qe7 23. Bc3 Rf8 24. Qxc7 Re8 25. Ng3 Rxe1+ 26. Rxe1 Qxe1+ 27. Bxe1 Rxe1+ 28. Nf1 Ba6 29. Qd8+ Bf8 30. h4 Rxf1+ 31. Kh2 Rd1 32. Qa8 Bc4 33. b3 Bd5 34. Qxa7 Bd6+ 35. g3 Rh1# 0-1